000 00592nam a22001937a 4500
003 UUm
005 20151014154235.0
008 130311t xxu||||| |||| 00| 0 eng d
020 _a9780582505803 (pbk.)
050 _aD 727
_b.W729 2007
082 _aIB 920
_bW67 2007
100 _aWilliamson, David G.
245 _aThe age of the dictators :
_ba study of the European dictatorships, 1918-53 /
_cDavid G. Williamson.
260 _aHarlow ; New York
_bPearson Longman,
_c2007.
300 _axxviii, 524 p. :
_bill., maps ;
_c24 cm.
942 _2lcc
_cBK
999 _c2349
_d2349